Devinez le Personnage de One Piece grace à son ombre - Statistiques

Statistiques générales
  • Ce quiz a été pris 77 fois
  • Le résultat moyen est 8 sur 10
Statistiques - réponses
Par images Réponse % Correct
Big Mom
98%
Barbe Blanche
97%
Joy Boy
94%
Rocks D Xebec
94%
Imu
92%
Kozuki Oden
91%
Loki
78%
Harald
56%
Ryokugyu
50%
Gill Bastard
9%
Aucun quiz correspondant
Distribution des résultats
% des personnes avec chaque résultat
Percentile par nombre de réponses
Votre historique - résultats
Vous n’avez pas pris ce quiz